Detekcia zmien štýlu písania v multi-autorských textoch pomocou umelej inteligencie

Enregistré dans:
Détails bibliographiques
Auteur principal: Škurla, Adam (Auteur)
Autres auteurs: Petrík, Juraj (Directeur de thèse)
Format: Manuscrit Livre
Langue:slovaque
Publié: 2025
Sujets:
Accès en ligne:http://is.stuba.sk/zp/portal_zp.pl?podrobnosti=183682
Tags: Ajouter un tag
Pas de tags, Soyez le premier à ajouter un tag!

MARC

LEADER 00000ntm a22000003a 4500
001 stuzp105805
003 SK-STU
005 20250607211655.8
007 ta
008 150427s2015----xo-----f-mn---000-0-slo-d
040 |a STU  |b slo 
041 0 |a slo 
100 1 |a Škurla, Adam  |u 070200  |4 aut  |U FIIT Fakulta informatiky a informačných technológií  |T FIIT Ústav informatiky, informačných systémov a softvérového inžinierstva  |X 110902  |U I200  |Y 179  |7 110902 
242 0 1 |a Multi-Author writing style detection using artificial intelligence  |y eng 
245 1 0 |a Detekcia zmien štýlu písania v multi-autorských textoch pomocou umelej inteligencie 
260 |c 2025 
650 4 |a Machine learning  |2 eng 
650 4 |a Natural language processing  |2 eng 
650 4 |a stylometry  |2 eng 
650 4 |a strojové učenie  |2 slo 
650 4 |a Spracovanie prirodzeného jazyka  |2 slo 
650 4 |a stylometria  |2 slo 
700 1 |a Petrík, Juraj  |u 070200  |k Z3  |4 ths  |U FIIT Fakulta informatiky a informačných technológií  |T FIIT Ústav informatiky, informačných systémov a softvérového inžinierstva  |X 5731  |U I200  |Y 179  |7 A000005731 
856 4 |u http://is.stuba.sk/zp/portal_zp.pl?podrobnosti=183682